El higo más dulce /
Salvato in:
| Autore principale: | |
|---|---|
| Altri autori: | |
| Natura: | Libro |
| Lingua: | spagnolo |
| Pubblicazione: |
México :
Fondo de Cultura Económica,
2014, c1995
|
| Serie: | (Los Especiales de A la Orilla del Viento)
|
| Soggetti: | |
| Tags: |
Nessun Tag, puoi essere il primo ad aggiungerne!!
|
MARC
| LEADER | 00000nam^a2200000^a^4500 | ||
|---|---|---|---|
| 001 | 000370179 | ||
| 005 | 20250521000000.0 | ||
| 009 | 20260310115856.941 | ||
| 020 | |a 978-968-16-4619-6 | ||
| 037 | |a Acervo ITESO - Biblioteca | ||
| 041 | |a ESP | ||
| 082 | |a 808. 899282 |b ALL | ||
| 100 | |a Allsburg, Chris van |e (autor) | ||
| 245 | 1 | 3 | |a El higo más dulce / |c C. van Allsburg ; tr. por F. Segovia. |
| 264 | 4 | |a México : |b Fondo de Cultura Económica, |c 2014, c1995 | |
| 300 | |a [32] p. | ||
| 336 | |a texto |b txt |2 rdacontenido | ||
| 337 | |a sin mediación |b n |2 rdamedio | ||
| 338 | |a volumen |b nc |2 rdasoporte | ||
| 440 | 5 | |a (Los Especiales de A la Orilla del Viento) | |
| 500 | |a Traducción de: The Sweetest Fig | ||
| 545 | 0 | |a Chris van Allsburg (East Grand Rapids, Michigan, 1949), ilustrador y escritor norteamericano de literatura infantil. Concluyó sus estudios en el Colegio de Arquitectura y Diseño de la Universidad de Michigan en 1972 y tres años después obtuvo un posgrado en Escultura en la Escuela de Diseño de Rhode Island. Tras instalar su estudio escultórico, inició con The Garden of Abdul Gasazi [El jardín de Abdul Gasazi] (1979) una obra narrativa que a menudo incorpora el género fantástico y se adentra en aspectos obscuros o negativos de la condición humana. Algunos de sus relatos son Jumanji (1981), El naufragio del Zéfiro (1983), Los misterios del señor Burdick (1984), Polar Express [El expreso polar] (1985), La escoba de la viuda (1992), El higo más dulce (1993) y Mal día en Río Seco (1995). Ha colaborado como ilustrador de las cubiertas de una edición de Las crónicas de Narnia (1994), de C.S. Lewis, y en libros para niños de su compatriota Mark Helprin. Participó asimismo en la adaptación cinematográfica de Jumanji (1995) y como productor ejecutivo de la versión fílmica de El expreso polar (2004). Postulado como candidato norteamericano al Premio Hans Christian Andersen en la categoría de ilustrador (1986), ha recibido la Medalla Caldecott (1982 y 1986) por Jumanji y El expreso polar, además de una mención de honor de dicha presea (1980) por El jardín de Abdul Gasazi. | |
| 649 | |a XX | ||
| 650 | |a Perros en la Literatura | ||
| 650 | |a Cuentos Infantiles - |z EUA | ||
| 650 | |a Cuentos Fantásticos - |z EUA | ||
| 650 | |a Cuentos Norteamericanos | ||
| 650 | |a Literatura Infantil - |z EUA | ||
| 650 | |a Literatura Fantástica - |z EUA | ||
| 650 | |a Literatura Norteamericana - |y Siglo XX | ||
| 650 | |a Maltrato de Animales en la Literatura | ||
| 650 | |a Sueños en la Literatura | ||
| 700 | |a Segovia, Francisco |e (traducción) | ||
| 910 | |a Fondo General | ||
| 920 | |a Impresos - Libros | ||
| 930 | |a Colección General | ||
| 940 | |a Literatura | ||
| 905 | |a 101 | ||
| 901 | |a 0500263561 |b IT1 |c LIT |i C148969 |u 20250521 | ||
| 902 | |a https://opac.biblio.iteso.mx/vufind/Record/000370179 | ||